=LDR 00000nam 2200000 4500 =001 INLIS000000000010982 =005 20130612102605 =008 ***********************************Ind** =035 ##$$0010-061300000010982 =041 ##$$a Ind =082 ##$$a 697 =090 ##$$a 697, Umb-a =100 ##$$a Umboh, andry Harits =245 ##$$a Aneka tungku sederhana, andry Harits Uniboh =260 ##$$a 1996 $b Jakarta =300 ##$$a viii, 70 hlm, ilus, 21 cm =650 ##$$a Tungku =850 ##$$a NBPNMAT